[Event "Mem Triantafylos Siaperas 11th"]
[Site "Athens"]
[Date "2015.02.07"]
[Round "5"]
[White "Ilandzis, Spyridon"]
[Black "Diatsintos, Ilias"]
[Result "1-0"]
[WhiteElo "2129"]
[BlackElo "1560"]
[PlyCount "87"]
[EventDate "2015.01.10"]
[EventType "swiss"]
[EventRounds "7"]
[EventCountry "GRE"]
[SourceTitle "EXT 2024"]
[Source "ChessBase"]
[SourceDate "2023.10.10"]
[SourceVersion "1"]
[SourceVersionDate "2023.10.10"]
[SourceQuality "1"]

1. e4 d5 2. exd5 Qxd5 3. Nc3 Qa5 4. d4 c6 5. Nf3 Nf6 6. Bc4 Bg4 7. h3 Bxf3 8. Qxf3 e6 9. g4 Nbd7 10. Bd2 Qc7 11. 0-0-0 Nb6 12. Bd3 Bd6 13. h4 0-0-0 14. h5 Nfd5 15. Ne2 Nb4 16. Bxb4 Bxb4 17. g5 Be7 18. g6 hxg6 19. hxg6 Bg5+ 20. Kb1 Rhf8 21. Rdg1 Bh6 22. Qe4 Qd6 23. gxf7 Rxf7 24. Rg6 Re8 25. c4 Qe7 26. f4 Rf6 27. Rhg1 Ref8 28. f5 Re8 29. fxe6 Kd8 30. d5 Qb4 31. Rxf6 gxf6 32. dxc6 bxc6 33. Nd4 Qc5 34. Rh1 Bf8 35. e7+ Rxe7 36. Nxc6+ Kc7 37. Nxe7 Bxe7 38. Re1 Bd8 39. Bf1 Nd7 40. Bg2 Qb6 41. Rd1 Ne5 42. c5 Qb5 43. Qh7+ Nd7 44. c6 1-0

[Event "Athens Panellinios op 7th"]
[Site "Athens"]
[Date "2013.01.21"]
[Round "2"]
[White "Salapatas Hatzigiann, Ioannis"]
[Black "Diatsintos, Ilias"]
[Result "1-0"]
[WhiteElo "1780"]
[BlackElo "1564"]
[PlyCount "105"]
[EventDate "2013.01.14"]
[EventType "swiss"]
[EventRounds "7"]
[EventCountry "GRE"]
[SourceTitle "EXT 2024"]
[Source "ChessBase"]
[SourceDate "2023.10.10"]
[SourceVersion "1"]
[SourceVersionDate "2023.10.10"]
[SourceQuality "1"]

1. d4 Nf6 2. Bg5 e6 3. e4 Be7 4. Bd3 h6 5. Bh4 c5 6. c3 Qb6 7. Ne2 Qxb2 8. Nd2 d5 9. e5 Nfd7 10. Bxe7 Kxe7 11. 0-0 Nc6 12. Nf3 c4 13. Bc2 Qa3 14. Ba4 Rb8 15. Rb1 Kd8 16. Ne1 Qe7 17. f4 f6 18. Ng3 Nb6 19. Bc2 Bd7 20. Nf3 Be8 21. f5 fxe5 22. dxe5 h5 23. fxe6 g6 24. Qd2 Qxe6 25. Rbe1 h4 26. Ne4 Kc7 27. Neg5 Qe7 28. Qf4 Rh5 29. e6+ Qd6 30. Qxd6+ Kxd6 31. Nf7+ Bxf7 32. exf7 Ne7 33. Nxh4 Rf8 34. Nxg6 Nxg6 35. Bxg6 Rg5 36. Rf6+ Kc7 37. Re7+ Nd7 38. Bf5 Rxf5 39. Rxf5 Kd6 40. Re8 b5 41. Rxf8 Nxf8 42. g4 a5 43. Kf2 b4 44. cxb4 axb4 45. Ke3 Kc5 46. g5 Kd6 47. Kd4 Ne6+ 48. Ke3 d4+ 49. Kd2 Ke7 50. g6 d3 51. Re5 b3 52. axb3 cxb3 53. Rxe6+ 1-0

[Event "Athens Siaperas Memorial 8th"]
[Site "Athens"]
[Date "2012.02.04"]
[Round "1"]
[White "Ilandzis, Spyridon"]
[Black "Diatsintos, Ilias"]
[Result "1-0"]
[WhiteElo "2106"]
[BlackElo "1561"]
[PlyCount "47"]
[EventDate "2012.02.04"]
[EventType "swiss"]
[EventRounds "7"]
[EventCountry "GRE"]
[SourceTitle "EXT 2014"]
[Source "ChessBase"]
[SourceDate "2013.11.20"]
[SourceVersion "1"]
[SourceVersionDate "2013.11.20"]
[SourceQuality "1"]

1. b3 d5 2. Bb2 Nf6 3. e3 c6 4. f4 Bf5 5. Nf3 Nbd7 6. Be2 h6 7. Nh4 Be4 8. f5 Qb6 9. Nc3 g5 10. fxg6 Bxg6 11. 0-0 Rg8 12. Na4 Qb4 13. c4 dxc4 14. Bc3 Qd6 15. Nxg6 Rxg6 16. bxc4 h5 17. Rb1 0-0-0 18. Qb3 b6 19. c5 Nxc5 20. Nxb6+ axb6 21. Qxb6 Nd5 22. Qa7 f6 23. Ba6+ Nxa6 24. Qb7# 1-0

[Event "Ambelokipi op 114th"]
[Site "Athens"]
[Date "2011.06.08"]
[Round "2"]
[White "Michailidis, Dimitrios"]
[Black "Diatsintos, Ilias"]
[Result "1/2-1/2"]
[WhiteElo "1818"]
[BlackElo "1656"]
[PlyCount "117"]
[EventDate "2011.06.04"]
[EventType "swiss"]
[EventRounds "7"]
[EventCountry "GRE"]
[SourceTitle "EXT 2024"]
[Source "ChessBase"]
[SourceDate "2023.10.10"]
[SourceVersion "1"]
[SourceVersionDate "2023.10.10"]
[SourceQuality "1"]

1. c4 b6 2. Nc3 Bb7 3. e3 g6 4. Nf3 Bg7 5. d4 Nf6 6. Bd3 0-0 7. Bd2 d6 8. Qc2 Nc6 9. a3 e5 10. d5 Nb8 11. b4 Nbd7 12. 0-0 a6 13. e4 c6 14. Bg5 h6 15. Bd2 Rc8 16. Rfe1 Nh5 17. Rac1 cxd5 18. cxd5 Nf4 19. Bf1 Qf6 20. Qb3 Nh3+ 21. gxh3 Qxf3 22. Bg2 Qh5 23. Qd1 Qxd1 24. Rexd1 f5 25. f3 Rc7 26. Na4 Rfc8 27. Rxc7 Rxc7 28. Rc1 Rxc1+ 29. Bxc1 fxe4 30. fxe4 b5 31. Nb2 Kf7 32. Kf2 h5 33. Be3 Bf6 34. Bf3 Bh4+ 35. Ke2 Bd8 36. Kd3 Nb6 37. Ke2 Bc8 38. Bg2 g5 39. Kf2 Kg6 40. Kg3 Bd7 41. Bf1 h4+ 42. Kg2 g4 43. hxg4 Bxg4 44. h3 Bc8 45. Be2 Nd7 46. Bg4 Bg5 47. Kf3 Bxe3 48. Kxe3 Nb6 49. Bxc8 Nxc8 50. a4 Nb6 51. axb5 axb5 52. Kf3 Kg5 53. Nd1 Nc4 54. Nc3 Na3 55. Nd1 Nc2 56. Nc3 Nd4+ 57. Ke3 Kf6 58. Kd3 Kg6 59. Ne2 1/2-1/2

[Event "Ambelokipi op 86th"]
[Site "Athens"]
[Date "2008.04.14"]
[Round "4"]
[White "Kalergis, Nikolaos"]
[Black "Diatsintos, Ilias"]
[Result "1/2-1/2"]
[WhiteElo "2059"]
[BlackElo "1779"]
[PlyCount "72"]
[EventDate "2008.04.07"]
[EventType "swiss"]
[EventRounds "7"]
[EventCountry "GRE"]
[SourceTitle "EXT 2010"]
[Source "ChessBase"]
[SourceDate "2010.11.25"]
[SourceVersion "1"]
[SourceVersionDate "2010.11.25"]
[SourceQuality "1"]

1. d4 d5 2. Nf3 Bg4 3. Ne5 Bh5 4. Bf4 e6 5. c3 Nd7 6. Qa4 c6 7. Nd3 Nb6 8. Qb3 g5 9. Bg3 Bg6 10. Nc5 Qc8 11. Nd2 Nf6 12. Be5 Be7 13. a4 0-0 14. a5 Nfd7 15. axb6 Bxc5 16. dxc5 axb6 17. Rxa8 Qxa8 18. Bd6 Qa1+ 19. Qd1 Ra8 20. e3 Qxb2 21. Qb3 Ra1+ 22. Ke2 Qc1 23. Kf3 Qxd2 24. Kg3 Ra2 25. h3 Qxf2+ 26. Kh2 Be4 27. Bg3 Qd2 28. Rg1 h5 29. Be1 Nxc5 30. Qxb6 Qxe3 31. Qd8+ Kg7 32. Bg3 h4 33. Be5+ Kg6 34. Qf6+ Kh5 35. Qh8+ Kg6 36. Qf6+ Kh5 1/2-1/2

[Event "Panagiotis Apergis op"]
[Site "Ano Liosia"]
[Date "2007.05.01"]
[Round "3"]
[White "Koukos, Ilias"]
[Black "Diatsintos, Ilias"]
[Result "1-0"]
[WhiteElo "2073"]
[BlackElo "1820"]
[PlyCount "77"]
[EventDate "2007.04.24"]
[EventType "swiss"]
[EventRounds "7"]
[EventCountry "GRE"]
[SourceTitle "EXT 2008"]
[Source "ChessBase"]
[SourceDate "2007.11.25"]
[SourceVersion "1"]
[SourceVersionDate "2007.11.25"]
[SourceQuality "1"]

1. d4 d5 2. Nf3 Nf6 3. Bf4 e6 4. e3 Nbd7 5. Bd3 Be7 6. Nbd2 Nh5 7. Bg3 Nxg3 8. hxg3 h6 9. e4 dxe4 10. Nxe4 Nf6 11. c3 Nxe4 12. Bxe4 c5 13. Ne5 Bf6 14. Qh5 0-0 15. Ng4 Bg5 16. f4 f5 17. fxg5 Qxg5 18. Qxg5 hxg5 19. Bc2 fxg4 20. Bh7+ Kf7 21. dxc5 Bd7 22. Be4 Rac8 23. Rf1+ Ke7 24. Rxf8 Kxf8 25. Bxb7 Rxc5 26. 0-0-0 Ke7 27. Rd4 e5 28. Rd5 Rxd5 29. Bxd5 Bf5 30. b4 Kd6 31. c4 e4 32. Kd2 Ke5 33. Ke3 Bg6 34. a4 Bf5 35. a5 Bh7 36. b5 Bf5 37. b6 axb6 38. a6 b5 39. a7 1-0